[Event "45th Olympiad 2024"]
[Site "Budapest HUN"]
[Date "2024.09.13"]
[Round "3.76"]
[Board "2"]
[White "Oscar Naranjo Gonzalez"]
[Black "Hassuji, Nurdin"]
[Result "1-0"]
[WhiteElo "1861"]
[BlackElo "1847"]
[PlyCount "51"]
[EventDate "2024.09.11"]
[WhiteTeam "Equatorial Guinea"]
[BlackTeam "Tanzania"]
[BlackTeamCountry "TAN"]

1. e4 e5 2. Nf3 Nc6 3. Bb5 a6 4. Ba4 Nf6 5. Qe2 b5 6. Bb3 Be7 7. a4 Rb8 8. axb5 axb5 9. Nc3 ({RR} 9. c3 d6 10. d4 exd4 11. Nxd4 Bd7 12. Nxb5 Ne5 13. Ba4 O-O 14. Nd2 d5 15. exd5 Bxb5 16. Qxe5 Bd6 17. Qd4 Re8+ 18. Kd1 Be5 19. Qc5 Qd7 20. Bxb5 Rxb5 21. Qc4 Rxd5 22. Re1 Rd8 23. Re2 Bxh2 {0-1 Tiviakov,S (2604)-Brunello,S (2552) Trieste op 20th 2018 (9)}) 9... b4 10. Nd5 O-O 11. O-O Nd4 $146 ({RR} 11... d6 12. h3 Be6 13. Qc4 Bd7 14. Re1 Rb7 15. Ba4 Nxd5 16. Qxd5 Rb6 17. b3 Be6 18. Qd3 Qc8 19. Bb5 f5 20. Bc4 fxe4 21. Qxe4 Kh8 22. Bxe6 Qxe6 23. d3 d5 24. Qg4 Qxg4 25. hxg4 Bc5 26. Bb2 {1-0 Sarana Hungeling,O (2342)-Gregor,M (2185) SVK-ch Nove Zamky 1999 (5)}) ({RR} 11... Bc5 12. d3 h6 13. Be3 Bxe3 14. fxe3 d6 15. Qd2 Nxd5 16. exd5 Ne7 17. Ra4 c5 18. dxc6 Nxc6 19. e4 Qb6+ 20. Qf2 Qxf2+ 21. Kxf2 Bb7 22. Ke3 Ra8 23. Rfa1 Rxa4 24. Rxa4 Ra8 25. Rxa8+ Bxa8 26. Bd5 {1-0 Krzywnicka,M (1835)-Budkiewicz,M (1762) TCh-POL 2nd League 2023 (9.30)}) ({RR} 11... d6 12. h3 Nxd5 13. Bxd5 Qe8 14. Qc4 Bd7 15. d3 Bd8 16. Qa2 Be6 17. Bxe6 fxe6 18. Be3 b3 19. cxb3 Nb4 20. Qb1 c5 21. Bd2 Nc6 22. Be3 Na5 23. Nd2 Nxb3 24. Nxb3 Rxb3 25. Ra3 Qb5 26. Rxb3 {0-1 Rugiadini,A-Zuidema,C Zuerich U20 1962 (3)}) 12. Nxd4 exd4 13. d3 Bb7 14. Nxe7+ Qxe7 15. Bg5 d6 16. f4 Rfe8 17. h3 Bc8 18. Qf2 Qf8 19. Rae1 Be6 20. e5 dxe5 21. fxe5 Nd7 22. Ba4 c5 23. Qg3 Kh8 24. Rf4 Kg8 25. Rh4 Kh8 26. Bc6 1-0

[Event "45th Olympiad 2024"]
[Site "Budapest HUN"]
[Date "2024.09.13"]
[Round "3.77"]
[Board "2"]
[White "Bridet, Robert"]
[Black "Tan, Santiago Jr"]
[Result "1/2-1/2"]
[WhiteElo "1697"]
[BlackElo "1903"]
[PlyCount "117"]
[EventDate "2024.09.11"]
[WhiteTeam "Dominica"]
[BlackTeam "Palau"]
[BlackTeamCountry "PAL"]

1. e4 c6 2. Nf3 d5 3. Nc3 dxe4 4. Nxe4 Bf5 5. Ng3 Bg6 6. Ne5 Nf6 7. Nxg6 ({RR} 7. h4 Be4 8. Nxe4 Nxe4 9. Bc4 e6 10. d3 Nf6 11. Bg5 Qa5+ 12. c3 Qxe5+ 13. Kf1 h6 14. Bxf6 Qxf6 15. Qb3 b5 16. Bxb5 cxb5 17. Qxb5+ Nd7 18. d4 Qf4 19. Re1 Rb8 20. Qe2 Be7 21. g3 Qf5 {0-1 Alexander,S-Tan,S (1872) Olympiad-44 Chennai 2022 (8.1)}) 7... hxg6 8. Bc4 e6 9. d3 $146 ({RR} 9. h3 Bd6 10. Qf3 Nbd7 11. d4 Qc7 12. Ne4 Nxe4 13. Qxe4 Nf6 14. Qe2 O-O-O 15. c3 Rhe8 16. Bg5 e5 17. d5 Bc5 18. Bxf6 gxf6 19. O-O-O cxd5 20. Bxd5 Rd6 21. Bf3 e4 22. g3 Rde6 23. Bg2 e3 {0-1 Radko,A (1272)-Belczewski,J (1723) POL-ch qual U13 2013 (9.5)}) ({RR} 9. O-O Nbd7 10. d4 Qc7 11. c3 Bd6 12. a3 Ne4 13. Qf3 Ndf6 14. Bd3 Nxg3 15. fxg3 O-O 16. Bd2 c5 17. Be3 cxd4 18. cxd4 Nd5 19. Bd2 a6 20. Rac1 Qe7 21. Rce1 Qc7 22. Rf2 b5 23. Ref1 b4 {1-0 Levesque,A (1429)-Thomson,B (1714) Gatineau Monarque Noir 2nd 2008 (4)}) 9... Be7 10. Bd2 Nbd7 11. Bc3 a5 12. a4 Qc7 13. h3 Nb6 14. Bb3 Nbd5 15. Ne2 Rd8 16. Bxd5 cxd5 17. Nd4 b6 18. Nb5 Qb8 19. Qe2 O-O 20. Be5 Qb7 21. O-O Rc8 22. c3 Rfd8 23. Rfe1 Bf8 24. Qf3 Ne8 25. Bg3 Qd7 26. Re2 Nd6 27. Nd4 Nf5 28. Nxf5 gxf5 29. Qe3 Qc6 30. Bh4 Re8 31. Qf4 f6 32. Qd2 Bd6 33. f4 e5 34. Bg3 e4 35. d4 Kf7 36. Re3 Qc7 37. Qf2 Rh8 38. Rf1 Qc4 39. Qc2 Qxd4 40. Qe2 Qxa4 41. Kh1 Qc4 42. Qd1 a4 43. Rf2 Bc5 44. Rfe2 Bxe3 45. Rxe3 g6 46. Bf2 Ke6 47. Rg3 Rhg8 48. Bxb6 Rb8 49. Ba5 Rxb2 50. Bb4 Qa2 51. Qd4 Qc4 52. Qb6+ Kd7 53. Qd6+ Kc8 54. Qe6+ Kb7 55. Qxg8 Qf1+ 56. Kh2 Rxg2+ 57. Rxg2 Qxf4+ 58. Kh1 Qf1+ 59. Kh2 1/2-1/2

[Event "45th Olympiad 2024"]
[Site "Budapest HUN"]
[Date "2024.09.13"]
[Round "3.77"]
[Board "4"]
[White "Auguiste, Lyndon"]
[Black "Mahor Jr, Manuel"]
[Result "1/2-1/2"]
[WhiteElo "1697"]
[BlackElo "1759"]
[PlyCount "142"]
[EventDate "2024.09.11"]
[WhiteTeam "Dominica"]
[BlackTeam "Palau"]
[BlackTeamCountry "PAL"]

1. e4 e6 2. Nc3 d5 3. d4 dxe4 4. Nxe4 Bd7 5. Nf3 Bc6 6. Bd3 Nd7 7. c3 Ngf6 8. Bg5 Be7 9. Nxf6+ ({RR} 9. Ng3 Nd5 10. Bd2 Bd6 11. O-O Nf4 12. Be4 Bb5 13. Re1 Nf6 14. Nf5 N4h5 15. Qb3 a6 16. c4 Nxe4 17. Rxe4 Bd7 18. Bg5 f6 19. c5 fxg5 20. Rxe6+ Bxe6 21. Qxe6+ Kf8 22. cxd6 cxd6 23. Nxd6 Qe7 {0-1 Dourerassou,J (2358)-Toufighi,H (2170) Wch U16 Belfort 2005 (7)}) 9... Nxf6 10. O-O b6 $146 ({RR} 10... Bxf3 11. Qxf3 Qd5 12. Qxd5 Nxd5 13. Bd2 c6 14. f4 g6 15. g4 f5 16. h3 Bd6 17. Rae1 Kf7 18. Kg2 Rad8 19. Bc4 Rhe8 20. a4 a6 21. a5 c5 22. Bxd5 exd5 23. dxc5 Bxc5 24. Kf3 Re4 25. b4 {0-1 Jorgensen,A (1842)-Fjallheim,E (1601) Politiken Cup 37th 2015 (5)}) ({RR} 10... h6 11. Bf4 Bxf3 12. Qxf3 c6 13. Rfe1 Qd5 14. Qe2 O-O 15. Be5 Rad8 16. Bc4 Qd7 17. Rad1 Ne8 18. Qg4 Bf6 19. Bf4 Nd6 20. Bd3 Nf5 21. Be5 Bxe5 22. Rxe5 g6 23. Rde1 Ng7 24. Qh4 h5 25. Qf6 {0-1 Atalay,M (1177)-Ekmekcioglu,G (1542) TCh-TUR 1st League 2023 (6.86)}) ({RR} 10... O-O 11. Ne5 Be4 12. Bxf6 gxf6 13. Bxe4 fxe5 14. Qg4+ Kh8 15. dxe5 Rg8 16. Qh5 Rg7 17. Rad1 Qe8 18. Rd2 c6 19. Qh3 Rd8 20. Rd3 Rxd3 21. Qxd3 Qd8 22. Qe2 Qa5 23. Bb1 Qd5 24. f4 Bc5+ 25. Kh1 {1-0 Nemcova,K (1964)-Cayon,L (1715) Wch U16 Girls 2017 (9)}) 11. Ne5 Bb7 12. Bxf6 Bxf6 13. Bb5+ Kf8 14. f4 Qd5 15. Qe2 Bxe5 16. fxe5 Ke7 17. Rf2 a6 18. Bc4 Qe4 19. Raf1 Raf8 20. Qh5 Qg6 21. Qd1 b5 22. Qb3 Qe4 23. Qb4+ Kd8 24. Bxe6 f6 25. Bf5 Qd5 26. Bh3 Bc8 27. g4 h5 28. Bg2 Qe6 29. gxh5 Rf7 30. Qb3 Rxh5 31. Qxe6 Bxe6 32. d5 Bh3 33. Bxh3 Rxh3 34. exf6 g6 35. Re1 Rd3 36. Re6 Rxd5 37. Rxa6 Rg5+ 38. Rg2 Rxg2+ 39. Kxg2 Ke8 40. Kg3 Rd7 41. Rc6 Kf7 42. h4 Rd2 43. b4 Rxa2 44. Rxc7+ Kxf6 45. Rc5 Rc2 46. Kf4 Rh2 47. Rc6+ Kg7 48. Kg3 Re2 49. Kf3 Rh2 50. Kg4 Rg2+ 51. Kh3 Re2 52. Rc5 Re3+ 53. Kg2 Re2+ 54. Kf3 Rh2 55. Rxb5 Rxh4 56. Rc5 Kf6 57. b5 Ke6 58. Ke2 Rh2+ 59. Kd3 Rh3+ 60. Kc4 Rh7 61. b6 Rb7 62. Kb5 Rg7 63. Rc7 Rxc7 64. bxc7 Kd7 65. Kb6 Kc8 66. Kc6 g5 67. Kd5 Kxc7 68. Ke4 Kc6 69. Kf5 Kd5 70. Kxg5 Kc4 71. Kf4 Kxc3 1/2-1/2

[Event "45th Olympiad 2024"]
[Site "Budapest HUN"]
[Date "2024.09.13"]
[Round "3.78"]
[Board "3"]
[White "Nxumalo, Vuyo"]
[Black "Fomevor, Cephas Clinton"]
[Result "0-1"]
[WhiteElo "1746"]
[BlackElo "1873"]
[PlyCount "92"]
[EventDate "2024.09.11"]
[WhiteTeam "Eswatini"]
[BlackTeam "Ghana"]
[BlackTeamCountry "GHA"]

1. c4 c6 2. Nf3 Nf6 3. b3 d5 4. Bb2 Bf5 5. e3 e6 6. Nc3 Bd6 ({RR} 6... h6 7. Rc1 a6 8. d4 Qa5 9. Bd3 Bxd3 10. Qxd3 Ba3 {½-½ Cordova,E (2554)-Nyzhnyk,I (2687) 1000GM Hollywood Masters 2022 (3.1)}) 7. Be2 h6 ({RR} 7... Nbd7 8. Nh4 Bg6 9. Nxg6 hxg6 10. h3 Rc8 11. Qc2 Qe7 12. a3 a6 13. b4 dxc4 14. Bxc4 Nb6 15. Be2 Nbd5 16. O-O O-O 17. d4 Nh5 18. Ne4 Bc7 19. Rfe1 Qh4 20. Nd2 Qe7 21. Rad1 Nhf6 22. Bc4 {1-0 Diaz Padilla,R (1799)-Alzate Arango,J 17th American Cont Rapid 2024 (9.97)}) 8. Nd4 $146 ({RR} 8. O-O O-O 9. d4 Nbd7 10. h3 Ne4 11. Bd3 Nxc3 12. Bxc3 Bxd3 13. Qxd3 a5 14. e4 dxe4 15. Qxe4 Nf6 16. Qc2 Be7 17. Rad1 Qc7 18. Rfe1 Rfd8 19. Re3 Rd7 20. Red3 Ne4 21. Bb2 Bf6 22. Qe2 Nd6 {1-0 Pranavananda,V (2163)-Narasimha Raveendra,G (1597) Chennai op 9th 2017 (1)}) ({RR} 8. O-O O-O 9. Re1 Nbd7 10. d3 Rc8 11. e4 dxe4 12. dxe4 Nxe4 13. Nxe4 Bxh2+ 14. Nxh2 Bxe4 15. Qd4 Nf6 16. Qxd8 Rfxd8 17. Bxf6 gxf6 18. Ng4 Kg7 19. Rad1 Bc2 20. Rxd8 Rxd8 21. Ne3 Be4 22. Rd1 Rxd1+ {1-0 Dyachuk,A (2298)-Allam,Y (1881) Titled Tue 25th Apr Late 2023 (2)}) 8... Bh7 9. f4 Nbd7 10. O-O O-O 11. d3 Rc8 12. Qd2 a6 13. Rad1 Re8 14. Nf3 Bc5 15. Kh1 Ng4 16. Nd4 Qh4 17. Bxg4 Qxg4 18. Rf3 e5 19. Rg3 Qh5 20. fxe5 Nxe5 21. Na4 Nxd3 22. Rf1 Bd6 23. Rxg7+ Kxg7 24. Nf5+ Kg8 25. Nxd6 Nxb2 26. Nxb2 Be4 27. Qf2 f5 28. Nxc8 Rxc8 29. h4 Kh7 30. Kh2 Rg8 31. Rg1 Qe8 32. cxd5 Qe5+ 33. g3 cxd5 34. Nd1 Rc8 35. Re1 Qa1 36. Qf4 Rc2+ 37. Kg1 Rc1 38. Qd6 Qg7 39. Kf2 Rc2+ 40. Re2 Rc1 41. Rd2 Rc6 42. Qb4 Rg6 43. Qd4 Qc7 44. Ke2 Qxg3 45. Nf2 Qf3+ 46. Kf1 Rg1+ 0-1

[Event "45th Olympiad 2024"]
[Site "Budapest HUN"]
[Date "2024.09.13"]
[Round "3.79"]
[Board "1"]
[White "Hemam, Moulaye Brahim"]
[Black "Moncur, Cecil"]
[Result "0-1"]
[WhiteElo "1977"]
[BlackElo "1839"]
[PlyCount "54"]
[EventDate "2024.09.11"]
[WhiteTeam "Mauritania"]
[BlackTeam "Bahamas"]
[WhiteTeamCountry "MAU"]
[BlackTeamCountry "BAH"]

1. d4 g6 2. c4 Bg7 3. Nc3 d6 4. e4 Nc6 5. Be3 e5 6. d5 Nce7 7. g4 f5 8. gxf5 gxf5 9. Qh5+ Ng6 10. exf5 Qh4 11. Qf3 N6e7 12. Bd3 ({RR} 12. Nb5 Kd8 13. Qg2 Bh6 14. Nf3 Qf6 15. Rg1 Bxf5 16. Ng5 Kd7 17. O-O-O Rf8 18. c5 Bxg5 19. Bxg5 Qg6 20. Nxa7 h6 21. Bb5+ Kd8 22. Be3 Qxg2 23. Rxg2 Ng6 24. a4 dxc5 25. a5 N8e7 26. Bxc5 Rfg8 {1-0 Sasikiran,K (2663)-Kakageldyev,A (2483) Asia-chT fin 14th 2005 (8)}) ({RR} 12. Nb5 Kd8 13. Nh3 Bh6 14. Bd3 a6 15. Nc3 Bxe3 16. Qxe3 Nxf5 17. Qg5+ Qxg5 18. Nxg5 Ke7 19. Ne6 Bxe6 20. dxe6 Nd4 21. Nd5+ Kd8 22. O-O-O Nxe6 23. Bf5 Nd4 24. Bh3 Ne7 25. Nxe7 Kxe7 26. Rhe1 c5 {½-½ Husbands,O (2353)-Moncur,C (1815) Olympiad-44 Chennai 2022 (7.1)}) 12... Nh6 13. Qe2 $146 ({RR} 13. f6 Rf8 14. Nb5 Bg4 15. Nxc7+ Kd8 16. Qg3 Qxf6 17. Nxa8 e4 18. Bxe4 Nef5 19. Bxf5 Nxf5 20. Qf4 Qxb2 21. Rc1 Bh6 22. Qxg4 Bxe3 23. fxe3 Qxc1+ 24. Ke2 Qc2+ 25. Ke1 Qc1+ 26. Ke2 Qc2+ 27. Ke1 Qc3+ {0-1 Heckler,M-Lorscheid,G Wittlich 1983 (8)}) ({RR} 13. f6 Rf8 14. Ne4 Bxf6 15. Nxf6+ Rxf6 16. Qg3 Qh5 17. Qg7 Ng4 18. Qxh7 Qxh7 19. Bxh7 Nxe3 20. fxe3 Nf5 21. Ke2 Nh4 22. h3 Ke7 23. Rh2 Bd7 24. Rf1 Rh6 25. Be4 Rg8 26. Rhf2 Be8 27. Kd3 Rg3 {½-½ Raupp,T (2259)-Van Amerongen,A (1992) 39th ChessOrg Open 2024 (1.22)}) ({RR} 13. f6 Bxf6 14. Ne4 O-O 15. Nxf6+ Qxf6 16. Qxf6 Rxf6 17. Bg5 Ng4 18. Bxf6 Nxf6 19. f3 Nf5 20. Ne2 Nh4 21. Be4 Bh3 22. Rg1+ Kh8 23. Rg3 Bf5 24. Nc3 Nh5 25. Nb5 Bxe4 26. fxe4 Nxg3 27. hxg3 Nf3+ {½-½ Siegmund,R (2076)-Montsma,F Sachsen-ch Seniors 13th 2004 (6)}) 13... Nhxf5 14. Nf3 Qh5 15. Nb5 Kd8 16. Ng5 Qe8 17. Nxa7 Nxe3 18. Nxc8 Ng2+ 19. Kf1 Nf4 20. Qg4 Rxc8 21. Bxh7 Bh6 22. h4 Bxg5 23. hxg5 Qf7 24. Qh4 Neg6 25. Qh6 b6 26. Rh2 c5 27. Re1 Rc7 0-1

[Event "45th Olympiad 2024"]
[Site "Budapest HUN"]
[Date "2024.09.13"]
[Round "3.79"]
[Board "2"]
[White "Pride, Avian"]
[Black "Abdellahi Khaled Abdellahi"]
[Result "0-1"]
[WhiteElo "1743"]
[BlackElo "1894"]
[PlyCount "158"]
[EventDate "2024.09.11"]
[WhiteTeam "Bahamas"]
[BlackTeam "Mauritania"]
[WhiteTeamCountry "BAH"]
[BlackTeamCountry "MAU"]

1. d4 d5 2. c4 c6 3. cxd5 cxd5 4. Nc3 Nc6 5. Nf3 Nf6 6. Bf4 Bf5 7. e3 e6 8. Bb5 Bd6 9. Bxd6 Qxd6 10. O-O ({RR} 10. Ne5 O-O 11. f4 a6 12. Bd3 Bxd3 13. Qxd3 g6 14. O-O Rac8 15. a3 Nd7 16. Rf2 Ndxe5 17. fxe5 Qe7 18. e4 Rcd8 19. exd5 exd5 20. Raf1 Rd7 21. Qe3 b5 22. Rf6 b4 23. Rxc6 bxc3 24. Rxc3 Rb7 {1-0 Arnold,K-Floresvillar Gonzalez,L (2101) Titled Tuesday intern op 27th Sep Late blitz 2022 (4)}) 10... O-O 11. a3 h6 $146 ({RR} 11... Bg4 12. Be2 Na5 13. Qa4 Qb6 14. Qd1 Rac8 15. Na4 Qb3 16. Qxb3 Nxb3 17. Rad1 Ne4 18. Rfe1 Bxf3 19. gxf3 Nd6 20. Nc3 f5 21. Kh1 Rf6 22. Bf1 Rh6 23. Bg2 Rh4 24. h3 Rc4 25. Rd3 h6 26. Kh2 {1-0 Kociscak,J-Boran,O Morava-ch Frydek Mistek 2002 (6)}) ({RR} 11... Nd7 12. Be2 a6 13. b4 b5 14. Qb3 Nb6 15. Nd2 Nc4 16. Nxc4 dxc4 17. Qb2 Bg6 18. Rad1 Rfd8 19. f4 Rac8 20. d5 Ne7 21. e4 Qb6+ 22. Kh1 h6 23. dxe6 fxe6 24. Bg4 Rd3 25. Rxd3 cxd3 26. Qd2 {1-0 Iniyan,P (1534)-Zhalmakhanov,R Wch U08 Porto Carras 2010 (7)}) 12. h3 Rac8 13. Rc1 a6 14. Bd3 Bxd3 15. Qxd3 Na5 16. Nd2 Qd7 17. Ne2 b5 18. b4 Nc4 19. Nb3 Qa7 20. Nc5 Rfd8 21. f3 Nd7 22. Rfd1 Nb2 23. Qb3 Nxd1 24. Qxd1 Nxc5 25. bxc5 a5 26. Qb3 Rb8 27. e4 dxe4 28. fxe4 Rdc8 29. Nf4 b4 30. a4 e5 31. Nd3 exd4 32. Rf1 Qe7 33. Kh1 Qe6 34. Qd5 Rd8 35. Qxe6 fxe6 36. e5 b3 37. Rb1 b2 38. Kg1 Rb3 39. Nf2 Rc8 40. Ne4 Rc6 41. Kf2 Re3 42. Nd2 Rxe5 43. Rxb2 Rexc5 44. Ke2 Rc3 45. Rb5 Re3+ 46. Kd1 d3 47. Rxa5 Re2 48. Ra8+ Kh7 49. Rd8 Rxg2 50. Rxd3 Rc5 51. Re3 Rd5 52. Re2 Rxe2 53. Kxe2 Rd4 54. a5 Ra4 55. Nb3 Ra3 56. Nd4 Rxa5 57. Kf3 e5 58. Nc6 Ra3+ 59. Kg4 e4 60. Nd4 Kg6 61. Ne2 h5+ 62. Kf4 Kf6 63. Kxe4 Rxh3 64. Ng1 Rh1 65. Nf3 g5 66. Nd2 Rh3 67. Nf1 g4 68. Nd2 Ra3 69. Kf4 Ra4+ 70. Kg3 Kg5 71. Nf1 h4+ 72. Kg2 Ra2+ 73. Kh1 g3 74. Ne3 h3 75. Kg1 Re2 76. Ng2 Rxg2+ 77. Kf1 Rf2+ 78. Kg1 Kg4 79. Kh1 Rf1# 0-1

[Event "45th Olympiad 2024"]
[Site "Budapest HUN"]
[Date "2024.09.13"]
[Round "3.79"]
[Board "4"]
[White "Skinner, Francis"]
[Black "Abdou Ahmed Alem"]
[Result "0-1"]
[WhiteElo "1628"]
[BlackElo "1897"]
[PlyCount "70"]
[EventDate "2024.09.11"]
[WhiteTeam "Bahamas"]
[BlackTeam "Mauritania"]
[WhiteTeamCountry "BAH"]
[BlackTeamCountry "MAU"]

1. e4 c6 2. d4 d5 3. Nc3 dxe4 4. Nxe4 Nf6 5. Ng3 h5 6. h3 h4 7. N3e2 Bf5 8. Nf3 Ne4 9. c3 ({RR} 9. Nc3 e6 10. Bd3 Nd6 11. Bf4 Nd7 12. Qe2 Bxd3 13. Qxd3 Be7 14. O-O-O Nb6 15. Rhe1 Nd5 16. Be5 Nf5 17. Ne4 b5 18. Kb1 Nb4 19. Qe2 Qa5 20. a3 Nd5 21. c4 bxc4 22. Qxc4 O-O 23. Nc5 Rfc8 {½-½ Cichon,J (2028)-Petrek,D (2254) exe Slovakia Open 2024 (2.27)}) 9... e6 10. Be3 Bd6 11. Nf4 $146 ({RR} 11. Nc1 Nd7 12. Bd3 f6 13. Qc2 Ng5 14. Bxf5 Nxf3+ 15. gxf3 exf5 16. Qxf5 Qe7 17. Nd3 O-O-O 18. O-O-O Qf7 19. Qa5 Kb8 20. Rhg1 Nb6 21. Qf5 Rdg8 22. Bf4 Bxf4+ 23. Qxf4+ Ka8 24. Kb1 Qd7 25. Qg4 Qc7 {1-0 Lechner,O (1820)-Meyer,T (1740) Bad Woerishofen op 16th 2000 (9)}) 11... Qc7 12. Nd3 Nd7 13. Qb3 a6 14. O-O-O b5 15. Nd2 a5 16. Nxe4 Bxe4 17. Qc2 a4 18. Qd2 O-O 19. f3 Bd5 20. Kb1 c5 21. dxc5 Nxc5 22. Nb4 Rfd8 23. Nxd5 exd5 24. Bg5 Rdb8 25. Qxd5 Bf8 26. Bxb5 Qb6 27. c4 Qg6+ 28. Kc1 Nb3+ 29. axb3 axb3 30. Kd2 Qc2+ 31. Ke3 Re8+ 32. Bxe8 Rxe8+ 33. Kf4 Qf2 34. Bxh4 Qxh4+ 35. g4 g6 0-1

[Event "45th Olympiad 2024"]
[Site "Budapest HUN"]
[Date "2024.09.13"]
[Round "3.81"]
[Board "1"]
[White "De Mey, Juan Pablo"]
[Black "Kudakwashe Chinake"]
[Result "1/2-1/2"]
[WhiteElo "1992"]
[BlackElo "1859"]
[PlyCount "134"]
[EventDate "2024.09.11"]
[WhiteTeam "Aruba"]
[BlackTeam "Cayman Islands"]
[WhiteTeamCountry "ARN"]
[BlackTeamCountry "CAY"]

1. e4 c6 2. d4 d5 3. e5 c5 4. dxc5 Nc6 5. a3 a5 ({RR} 5... Nxe5 6. b4 g6 7. Bb5+ Bd7 8. Qxd5 Bxb5 9. Qxe5 Nf6 10. Nc3 Bc6 11. Nge2 Bg7 12. O-O O-O 13. Bb2 Ne4 14. Qf4 Qd2 15. Qxd2 {½-½ Predojevic,B (2641)-Asrian,K (2621) Moscow Aeroflot op-A1 2008 (9)}) 6. Bb5 e6 ({RR} 6... Nh6 7. Nf3 Bg4 8. h3 Bxf3 9. Qxf3 e6 10. Bxh6 gxh6 11. c4 Bxc5 12. Nc3 O-O 13. O-O-O Nxe5 14. Qg3+ Ng6 15. cxd5 e5 16. h4 h5 17. Ne4 Rc8 18. Kb1 Bd4 19. d6 f5 20. Rxd4 exd4 21. Ng5 {1-0 Garrido,D (2205)-Hasanagic,A (2243) Titled Tue 31st Jan Late 2023 (1)}) 7. Be3 Nge7 8. c3 $146 ({RR} 8. Bd4 Bd7 9. Bxc6 Nxc6 10. Nf3 Nxd4 11. Qxd4 Qc7 12. Qg4 Bb5 13. Nc3 Qxc5 14. Nd4 Ba6 15. O-O-O Qc4 16. Qh3 Rc8 17. Nxe6 d4 18. Nxg7+ Bxg7 19. Rxd4 Qxd4 20. Qxc8+ Qd8 21. Qf5 Qd7 22. Qh5 Qe6 {1-0 Ribera Cebolla,M (2110)-Soler Nadal,J (1669) Sueca op 4th 2018 (8)}) ({RR} 8. Nf3 Nf5 9. Bd4 Bd7 10. Bxc6 Bxc6 11. O-O g5 12. g4 Nxd4 13. Qxd4 Bg7 14. Nbd2 O-O 15. Rfe1 h6 16. c3 a4 17. Nf1 Ra5 18. Ng3 Qe7 19. Nh5 Rc8 20. Qd2 Rxc5 21. Nd4 Bd7 22. Re3 Rc4 {1-0 Kostolansky,S (2305)-Petran,P (2243) SVK-chT1W 1819 2018 (5.1)}) 8... Bd7 9. Bxc6 Bxc6 10. Bd4 a4 11. Ne2 Nf5 12. O-O Be7 13. Ng3 Nxd4 14. cxd4 b6 15. Qg4 g6 16. cxb6 h5 17. Qe2 h4 18. Rc1 Qxb6 19. Nf1 O-O 20. Qd2 Rab8 21. g3 Rfc8 22. Rc2 Kg7 23. Ne3 hxg3 24. hxg3 Rh8 25. Nc3 Rh5 26. Ng4 Rbh8 27. Rac1 Qb3 28. Kg2 Bg5 29. f4 Bd8 30. Nd1 Bb5 31. Ndf2 Bc4 32. Qe3 Qb5 33. Qf3 Bb6 34. Qe3 Ba5 35. Qf3 Rb8 36. Nf6 Rhh8 37. f5 exf5 38. g4 Rh4 39. gxf5 Rbh8 40. N6g4 gxf5 41. Qxf5 Bd8 42. e6 Qb7 43. exf7 Qe7 44. Rxc4 dxc4 45. Rxc4 Qb7+ 46. d5 Qxb2 47. Rc6 Kf8 48. Re6 Be7 49. Rc6 Qe2 50. Rc8+ Kg7 51. Rxh8 Rxg4+ 52. Qxg4+ Qxg4+ 53. Nxg4 Kxh8 54. Kf3 Bxa3 55. Ke2 Bb4 56. Kd1 Kg7 57. Ne5 Bc3 58. Nc4 Kxf7 59. Kc2 Bb4 60. Nb6 a3 61. Kb3 Bc5 62. Nc4 Ke7 63. Ka2 Bb4 64. Kb3 Bc5 65. Nxa3 Bxa3 66. Kxa3 Kd6 67. Kb3 Kxd5 1/2-1/2

[Event "45th Olympiad 2024"]
[Site "Budapest HUN"]
[Date "2024.09.13"]
[Round "3.81"]
[Board "2"]
[White "Young, Christopher"]
[Black "Stetsenko, Ilya"]
[Result "0-1"]
[WhiteElo "1758"]
[BlackElo "1903"]
[PlyCount "56"]
[EventDate "2024.09.11"]
[WhiteTeam "Cayman Islands"]
[BlackTeam "Aruba"]
[WhiteTeamCountry "CAY"]
[BlackTeamCountry "ARN"]

1. d4 Nf6 2. c4 e6 3. Nf3 b6 4. g3 Ba6 5. Qc2 c5 6. Bg2 Bb7 7. O-O cxd4 8. Nxd4 Bxg2 9. Kxg2 Be7 ({RR} 9... Bc5 10. Rd1 Bxd4 11. Rxd4 Nc6 12. Rd1 Rc8 13. Nc3 O-O 14. e4 d5 15. exd5 exd5 16. cxd5 Ne5 17. Bf4 Re8 18. Qf5 Nc4 19. d6 Rc5 20. Nd5 Qa8 21. d7 Rd8 22. b3 Nxd5 23. Rxd5 Rxd5 24. Qe4 {0-1 Matlakov,M (2685)-Fedoseev,V (2678) PNWCC Online blitz JP 9th 2020 (5)}) 10. e4 d6 ({RR} 10... Qc7 11. b3 O-O 12. Bb2 Nc6 13. Nf3 Rfd8 14. Nc3 Rac8 15. Rfd1 a6 16. Qe2 d6 17. Rac1 Qb7 18. Nd4 Nxd4 19. Rxd4 Nd7 20. Rcd1 Nc5 21. f3 h6 22. R4d2 Rb8 23. Ba3 Rdc8 24. Na4 Nxa4 25. bxa4 {½-½ Al Hosani,O (2241)-Macovei,A (2464) 45th Olympiad 2024 (4.25)}) 11. Nc3 O-O 12. Qe2 $146 ({RR} 12. Rd1 Qc8 13. b3 a6 14. Bb2 Ra7 15. Qe2 Rd8 16. Rd2 Rc7 17. Rc1 Qb7 18. Kg1 Nbd7 19. Re1 Rdc8 20. Rc2 Bf8 21. Rcc1 g6 22. Nf3 Ng4 23. Nb1 b5 24. h3 Nge5 25. Nxe5 Nxe5 26. cxb5 Qxb5 {½-½ Kiefer,G (2230)-Stoll,J (2225) Bundesliga 1982/83 (3.7)}) ({RR} 12. b3 Qc8 13. Be3 Qb7 14. f3 a6 15. Qe2 Nc6 16. Nxc6 Qxc6 17. Rac1 Qb7 18. Rfd1 Rfd8 19. h4 Rac8 20. a4 Nd7 21. Bg5 Ne5 22. Rc2 Nc6 23. Bxe7 Qxe7 24. Qe3 Rb8 25. Rcd2 h6 26. h5 Qc7 {½-½ Korobov,A (2679)-Mareco,S (2634) FIDE Chess.com Grand Swiss 2019 (9)}) 12... a6 13. f4 Qc7 14. Be3 Nbd7 15. g4 Nc5 16. Qf3 Nd3 17. g5 Nd7 18. f5 Qxc4 19. fxe6 fxe6 20. Qh3 N7c5 21. Nc6 Rfe8 22. Qf3 Ne5 23. Nxe5 dxe5 24. g6 Rf8 25. Qh5 hxg6 26. Qxg6 Rxf1 27. Rxf1 Rf8 28. Bh6 Qxf1+ 0-1

[Event "45th Olympiad 2024"]
[Site "Budapest HUN"]
[Date "2024.09.13"]
[Round "3.81"]
[Board "3"]
[White "Croes, Octavio"]
[Black "Shaw, Clifford"]
[Result "0-1"]
[WhiteElo "1850"]
[BlackElo "1744"]
[PlyCount "70"]
[EventDate "2024.09.11"]
[WhiteTeam "Aruba"]
[BlackTeam "Cayman Islands"]
[WhiteTeamCountry "ARN"]
[BlackTeamCountry "CAY"]

1. d4 e6 2. c4 f5 3. g3 Nf6 4. Bg2 Be7 5. Nf3 O-O 6. O-O d6 7. Nc3 Ne4 8. Qc2 Nxc3 9. Qxc3 Bf6 10. Qc2 e5 11. dxe5 dxe5 12. e4 ({RR} 12. Rd1 Qe8 13. Rb1 a5 14. Be3 Nc6 15. a3 Qh5 16. Bc5 Re8 17. b4 axb4 18. axb4 f4 19. Nd2 Nd4 20. Bxd4 exd4 21. Ne4 fxg3 22. Nxg3 Qe5 23. Rb3 h5 24. e3 Bg4 25. Rxd4 Ra1+ 26. Rb1 Rxb1+ {1-0 Koridze,L (2121)-Topalov,A (2233) Titled Tue 26th Mar Early 2024 (11)}) 12... Nc6 13. Rd1 Qe8 14. exf5 $146 ({RR} 14. Be3 Qg6 15. exf5 Bxf5 16. Qe2 Rae8 17. h3 Nd4 18. Bxd4 exd4 19. Qd2 c5 20. Re1 Bd3 21. Qa5 Qf5 22. g4 Qf4 23. Qxc5 Be4 24. Nxd4 Bxg2 25. Ne6 Rxe6 26. Rxe6 Bd4 {0-1 Zimmermann,A (2076)-Van den Berg,H (2161) Pardubice Jihlavanka op 2007 (4)}) ({RR} 14. Be3 Qg6 15. Nd2 f4 16. Bc5 Rf7 17. Kh1 b6 18. Ba3 Nd4 19. Qd3 a5 20. gxf4 exf4 21. Rg1 Qh5 22. e5 Bxe5 23. Bxa8 f3 24. Rg3 Bxg3 25. fxg3 Ne2 26. Qd8+ Rf8 27. Qxf8# {1-0 Gabr,M (2287)-Skoloud,B Pardubice op rapid 29th 2018 (1)}) 14... Qh5 15. Bd2 Bxf5 16. Qb3 e4 17. c5+ Kh8 18. Ne1 Nd4 19. Qxb7 c6 20. Be3 Rab8 21. Qa6 Ne2+ 22. Kf1 Rxb2 23. Rd2 Rxd2 24. Bxd2 Nxg3+ 25. hxg3 Bxa1 26. Qxa7 Qd1 27. Qa5 Bd4 28. Kg1 Bg6 29. Be3 Bxe3 30. fxe3 Qe2 31. a4 Qxe3+ 32. Kh2 h5 33. Nc2 Qf2 34. Qc3 Rf3 35. Qc4 Rxg3 0-1